La contre-guérilla française au Mexique : souvenirs des terres chaudes /
Furkejuvvon:
| Váldodahkki: | |
|---|---|
| Materiálatiipa: | Girji |
| Giella: | fránskkagiella |
| Fáttát: | |
| Fáddágilkorat: |
Eai fáddágilkorat, Lasit vuosttaš fáddágilkora!
|
MARC
| LEADER | 00000nam^a2200000^a^4500 | ||
|---|---|---|---|
| 001 | 000380814 | ||
| 005 | 20250526000000.0 | ||
| 009 | 20260310120620.028 | ||
| 037 | |a Acervo Xavier Clavigero | ||
| 041 | |a FRA | ||
| 082 | |a 972. 049 |b KER | ||
| 100 | |a Kératry, E. de, |e (autor) | ||
| 245 | 1 | 3 | |a La contre-guérilla française au Mexique : |b souvenirs des terres chaudes / |c Conde E. de Kératry. |
| 264 | |a París, Francia : |b A. Lacroix, Verboeckhoven et Cie., Editeurs, |c 1865 | ||
| 300 | |a 322 p. ; |c 17.5 cm. | ||
| 336 | |a texto |b txt |2 rdacontenido | ||
| 337 | |a sin mediación |b n |2 rdamedio | ||
| 338 | |a volumen |b nc |2 rdasoporte | ||
| 501 | |a Encuadernación particular | ||
| 561 | |a Ex libris de Instituto de Literatura Puente Grande, Jal. | ||
| 561 | |a Ex libris de Carlos Ramírez Escandón | ||
| 561 | |a Ex libris de Bibl. Magnopontanae Domus Scti. Ioseph. Prov. Mex. Sept. S.I | ||
| 561 | |a Ex libris de Bibl. Iunioratus Dom. Prob. S. Ioseph | ||
| 561 | |a Ex libris de Francisco J. Ramírez | ||
| 562 | |a Falta cubierta | ||
| 649 | |a XX | ||
| 650 | |a Tamaulipas - |x Historia - |y Siglo XIX | ||
| 650 | |a Tamaulipas - |x Historia - |y Intervención y Segundo Imperio, 1861-1867 | ||
| 650 | |a Veracruz - |x Historia - |y Intervención y Segundo Imperio, 1861-1867 | ||
| 650 | |a México - |x Historia - |y Siglo XIX | ||
| 650 | |a México - |x Historia - |y Intervención y Segundo Imperio, 1861-1867 - |x Tema Principal | ||
| 650 | |a Francia - |x Historia - |y Período Moderno, 1848-1919 | ||
| 650 | |a Francia - |x Historia - |y Segundo Imperio, 1852-1870 | ||
| 910 | |a Fondo General | ||
| 920 | |a Impresos - Libros | ||
| 930 | |a Libros Antiguos y Raros | ||
| 905 | |a 108 | ||
| 901 | |a 0500275687 |b IT2 |c LRA |u 20250526 | ||
| 902 | |a https://opac.biblio.iteso.mx/vufind/Record/000380814 | ||